Famosos España con Imágenes - Parte 1 - Estadísticas

Estadísticas generales
  • Esta prueba ha sido intentada 443 veces
  • La puntuación promedio es 10 de 16
Estadísticas de respuestas
Imagen Respuesta % Correcto
David Bisbal
99%
Auronplay
94%
Mariano Rajoy
94%
Pablo Motos
94%
Belén Esteban
90%
Maeb
87%
Karlos Arguiñano
85%
Chanel
79%
Rubiales
74%
Montserrat Caballé
42%
Aramis Fuster
39%
Primo de Rivera
29%
Carrero Blanco
28%
Concha Velasco
23%
Carlos Jean
19%
Garcilaso de la Vega
2%
No se encontraron pruebas coincidentes
Distribución de puntuación
Porcentaje de gente con cada puntuación
Porcentaje por número respondido
Historial de tus puntuaciones
No has intentado esta prueba.